| 000 | 00677nam a2200217 u 4500 | ||
|---|---|---|---|
| 005 | 20240910063810.0 | ||
| 008 | 120328s2009 mx r 000 0 spa d | ||
| 020 | _a9786071704009 | ||
| 035 | _aUPN01000183974 | ||
| 049 | _aCG | ||
| 050 | 4 |
_aLC4704 _bD5.3 |
|
| 245 | 0 | 0 |
_aDificultades en el proceso lectoescritor / _cLuis Quintanar Rojas ... [et al.]. |
| 260 |
_aMéxico : _bTrillas. _c2009. |
||
| 300 |
_a96 p. : _bil. cuadros |
||
| 650 | 4 |
_aNiños con problemas de aprendizaje _910315 |
|
| 650 | 4 |
_aAprendizaje de la lectoescritura _91535 |
|
| 650 | 4 |
_aLECTURA, PSICOLOGIA DE LA _96935 |
|
| 700 | 1 |
_aQuintanar Rojas, Luis, _ecoaut. |
|
| 905 | _aLibro | ||
| 999 |
_c156077 _d156077 |
||